000
00320 a2200121 4500
000
nam a22 7a 4500
005
20260313100240.0
020
_a
9781032967653
100
_a
Domingo GarcĂa
_9
1131919
245
_a
Convex Analysis in Polynomial Spaces with Applications
260
_b
CRC Press
_c
2026
942
_c
TEXL
999
_c
1715296
_d
1715296